|
|
|
|
| LEADER |
01089pam a2200277 u 4500 |
| 001 |
10021234 |
| 003 |
upatras |
| 005 |
20210117205527.0 |
| 008 |
990123s1992 us eng |
| 020 |
|
|
|a 0486270963
|
| 040 |
|
|
|a GR-PaULI
|c GR-PaULI
|
| 041 |
1 |
|
|a eng
|
| 082 |
0 |
4 |
|a 513.5
|
| 100 |
1 |
|
|a Menninger, Karl
|9 19572
|
| 245 |
1 |
0 |
|a Number words and number symbols
|b a cultural history of numbers
|c Karl Menninger; translated by Paul Broneer from the revised German edition
|
| 260 |
|
|
|a New York
|b Dover Publications
|c 1992
|
| 300 |
|
|
|a xiii, 480 p.
|b fig.
|c 24 cm.
|
| 504 |
|
|
|a Includes index
|
| 650 |
|
4 |
|a Αριθμητική
|9 7446
|
| 650 |
|
4 |
|a Αριθμητικές μέθοδοι
|9 131
|
| 700 |
1 |
|
|a Broneer, Paul
|4 trl
|9 145686
|
| 852 |
|
|
|a GR-PaULI
|b ΠΑΤΡΑ
|b ΒΚΠ
|b ΒΣ1
|k ΑΣΧΞ
|h 513.5 M
|m 042171
|p 025000053698
|t 1
|
| 942 |
|
|
|2 ddc
|c BK15
|
| 952 |
|
|
|0 0
|1 0
|2 ddc
|4 0
|6 513_500000000000000_MEN
|7 0
|9 182759
|a LISP
|b LISP
|c BSC
|d 2016-04-24
|i 042171
|l 0
|o 513.5 MEN
|p 025000053698
|r 2016-04-24 00:00:00
|t 1
|w 2016-04-24
|y BK15
|
| 998 |
|
|
|c ΔΡΑΚΟΠΟΥΛΟΥ
|d 1999-04
|
| 999 |
|
|
|c 112814
|d 112814
|